[Event "4th Shamkir Chess 2017"]
[Site "Shamkir"]
[Date "2017.04.21"]
[Round "1"]
[White "So, Wesley"]
[Black "Mamedyarov, Shakhriyar"]
[Result "0-1"]
[WhiteElo "2822"]
[BlackElo "2772"]
[Annotator "TA"]
[PlyCount "78"]
[EventDate "2017.??.??"]
[EventType "tourn"]
[EventCountry "AZE"]
[SourceTitle "playchess.com"]
[Source "ChessBase"]
[SourceQuality "1"]

{[%evp 17,78,-26,6,-19,-22,-25,-28,-28,-19,-20,-22,-22,-8,-21,0,0,0,0,0,-37,-43,-25,0,0,31,31,23,37,43,37,39,6,13,0,0,-6,0,0,0,0,0,0,0,-87,-82,-79,-46,-33,-17,-95,-42,-48,0,-10,0,-25,0,0,0,-14,-9,-29990,-29990]} 1. e4 e5 2. Nf3 Nc6 3. d4 exd4 4. Nxd4 Nf6 5. Nxc6 bxc6 6. e5 Qe7 7. Qe2 Nd5 8. Nd2 a5 9. c4 Nb6 10. b3 {C45: Scotch Game} (10. Qe4 d5 11. exd6 cxd6 12. Be2 Qxe4 13. Nxe4 Be6 14. c5 dxc5 15. Be3 Nd5 16. Bxc5 Nf4 17. Bxf8 Kxf8 18. g3 Nxe2 19. Kxe2 {½-½ (49) Radjabov,T (2744)-Topalov,V (2777) Bilbao 2008}) 10... a4 11. Bb2 axb3 12. axb3 {Black has an edge.} Rxa1+ 13. Bxa1 Qa3 14. Qd1 Bb4 15. Bd3 Qa5 16. Ke2 d6 17. Qc2 {Strongly threatening Bd4.} dxe5 18. Bb2 $146 Qc5 19. Nf3 Bg4 20. Bxh7 Nd7 21. Bf5 Bxf3+ 22. Kxf3 g6 23. Bxd7+ Kxd7 24. Qe4 Re8 25. Ke2 Kc8 26. Rd1 $132 {[%mdl 2048] White is fighting back (2)} f5 {[%cal Bf7f5,Bf5f4][%mdl 32]} 27. Qh4 Qe7 28. Qg3 g5 29. Bc3 Bc5 30. Bd2 {[#]} (30. Ra1 $11 {keeps the balance.}) 30... f4 $1 $17 {[%cal Rf4g3]} 31. Qh3+ Kb7 32. b4 $1 {[%cal Rb4c5]} Bd4 {...e4 is the strong threat.} 33. Qd3 (33. b5 $11) 33... Rd8 ({Black should play} 33... Qd7 $17 {Hoping for ...e4.} 34. b5 cxb5 35. Qe4+ Qc6 36. Qxc6+ Kxc6) 34. b5 $15 Qe6 {White should prevent ...cxb5.} 35. bxc6+ Kxc6 36. f3 Rb8 37. Be1 g4 38. Rd2 gxf3+ 39. Qxf3+ $2 {[%mdl 8192] [#]} (39. gxf3 $11 Kd7 40. Bf2) 39... e4 0-1

[Event "4th Shamkir Chess 2017"]
[Site "Shamkir"]
[Date "2017.04.21"]
[Round "1"]
[White "Karjakin, Sergey"]
[Black "Harikrishna, Pentala"]
[Result "1/2-1/2"]
[WhiteElo "2783"]
[BlackElo "2755"]
[Annotator "TA"]
[PlyCount "80"]
[EventDate "2017.??.??"]
[EventType "tourn"]
[EventCountry "AZE"]
[SourceTitle "playchess.com"]
[Source "ChessBase"]
[SourceQuality "1"]

{[%evp 17,80,13,27,16,17,0,9,0,13,0,0,-2,22,-18,0,0,6,0,0,0,6,0,0,-19,15,15,15,13,22,16,16,16,21,13,21,19,20,21,13,0,16,12,18,0,10,9,52,49,45,45,44,43,43,43,43,0,0,0,0,0,0,0,0,0,0]} 1. d4 Nf6 2. c4 e6 3. Nf3 d5 4. Nc3 Bb4 5. cxd5 exd5 6. Bg5 h6 7. Bh4 O-O {D38: Queen's Gambit Declined: Ragozin Defence (4 Nf3 Bb4)} 8. e3 Bf5 9. Qb3 Bxc3+ {LiveBook: 5 Games} 10. Qxc3 Nbd7 11. Nd2 Rc8 12. Be2 c5 13. O-O Qb6 {Threatening ...cxd4.} 14. Rfc1 Rfe8 $146 (14... cxd4 15. Qxd4 Qxd4 16. exd4 {½-½ (40) Wojtaszek,R (2733)-Matlakov,M (2684) Poikovsky 2016}) 15. Kf1 Ne4 (15... cxd4 $5 {feels hotter.} 16. Qxd4 Qxd4 17. exd4 g5 18. Bg3 Nf8) 16. Nxe4 dxe4 17. a4 cxd4 18. Qxd4 Qxd4 19. exd4 Nb6 20. Rc5 Rxc5 21. dxc5 Nd5 22. Rd1 Nf4 23. Bb5 Rc8 24. Rd8+ Rxd8 25. Bxd8 $11 {[%mdl 4096] Endgame KBB-KBN} Nd3 26. c6 bxc6 27. Bxc6 Nxb2 28. Ke2 Nc4 29. Be7 Ne5 30. Bb5 Bc8 31. Bd6 a6 (31... f6 $5 {is interesting.} 32. Ke3 a6 33. Bf1 Bb7 34. Kd4 Nd3) 32. Bxe5 axb5 33. axb5 $14 {KB-KB} f6 34. Bd6 Kf7 35. Ke3 Bd7 36. Kxe4 (36. b6 $5 {creates asymmetry.} Bc6 37. Kd4 Ke6 38. Bf8 Kf7 39. Bb4) 36... Bxb5 {The position is equal.} 37. Kf3 h5 38. h4 g6 39. g3 Ke6 40. Ba3 Bc6+ 1/2-1/2

[Event "4th Shamkir Chess 2017"]
[Site "Shamkir"]
[Date "2017.04.21"]
[Round "1"]
[White "Eljanov, Pavel"]
[Black "Radjabov, Teimour"]
[Result "1-0"]
[WhiteElo "2751"]
[BlackElo "2710"]
[Annotator "TA"]
[PlyCount "91"]
[EventDate "2017.??.??"]
[EventType "tourn"]
[EventCountry "AZE"]
[SourceTitle "playchess.com"]
[Source "ChessBase"]
[SourceQuality "1"]

{[%evp 9,91,24,26,26,16,14,18,22,16,13,16,10,7,8,29,35,34,33,64,11,33,39,36,24,22,18,41,40,47,29,35,31,34,42,36,11,20,9,9,9,8,10,31,31,31,31,36,32,56,55,56,56,58,56,56,56,56,56,56,49,117,111,163,166,206,205,169,187,197,193,195,208,200,187,308,307,458,444,440,428,455,449,437,357]} 1. e4 e5 2. Nf3 Nc6 3. Bb5 Nf6 4. d3 Bc5 5. Bxc6 dxc6 6. O-O {C65: Ruy Lopez: Berlin Defence (3...Nf6), unusual lines and 4 0-0 Bc5} (6. Nbd2 Be6 7. O-O Bd6 8. d4 Nd7 9. dxe5 Nxe5 10. Nxe5 Bxe5 11. f4 Bd4+ 12. Kh1 f5 13. Qe2 O-O {0-1 (65) Robson,R (2668)-Nakamura,H (2793) Saint Louis 2017}) 6... Nd7 7. c3 O-O 8. d4 {The position is equal.} Bd6 9. Bg5 $146 (9. Nbd2 Re8 10. Re1 b6 11. Nc4 Bb7 12. dxe5 Nxe5 13. Ncxe5 Bxe5 14. Nxe5 Rxe5 {½-½ (31) Brkic,A (2584)-Roiz,M (2605) Baku 2016}) 9... f6 10. Qb3+ Kh8 11. Bh4 b6 12. Nbd2 Ba6 13. Rfe1 Qe7 14. dxe5 (14. Nc4 $14) 14... Nxe5 15. Nxe5 Qxe5 {[%csl Gd6][%cal Re5h2]} 16. Bg3 (16. Nf3 $5 {is interesting.} Qc5 17. Bg3 Rae8 18. Rad1 Bxg3 19. hxg3 Bc4 20. Qa4) 16... Qe7 17. Bxd6 cxd6 18. Rad1 Bc8 19. Qa4 b5 20. Qa5 Bg4 21. f3 Be6 22. Nf1 d5 23. exd5 Qc5+ 24. Ne3 Bxd5 25. a3 Rfe8 26. Qb4 Qb6 27. Qd4 Qxd4 28. Rxd4 Re7 29. Kf2 $36 {[%mdl 2048] White is pushing.} Rae8 30. Rdd1 Bb3 31. Nf5 Rxe1 $1 32. Rxe1 Rxe1 33. Kxe1 $14 {[%mdl 4096] Endgame KB-KN} Be6 $1 {[%cal Re6f5]} 34. Nd4 Bd5 (34... Bd7 $1 $14) 35. Kd2 $16 a6 (35... Kg8 $16) 36. Ke3 Kg8 {[#]} 37. Nf5 $1 Kf7 {[#]} 38. Kd4 $1 Be6 39. Ne3 Ke7 40. Kc5 Kd7 41. Kb6 f5 (41... h5 {was worth a try.} 42. Kxa6 Kc7) 42. f4 $18 ({Less strong is} 42. Kxa6 f4 43. Nf1 Kc7 $16) 42... g5 (42... g6 $142 43. Kxa6 Kc7) 43. g3 {[%cal Bg2g3,Bg3f4][%mdl 32] White is clearly winning.} ({Weaker is} 43. fxg5 f4 44. Nc2 Bc4 $18) (43. Kxa6 gxf4 44. Nc2 Bd5 $11) 43... gxf4 44. gxf4 Kd6 45. Kxa6 Kc7 46. Ka5 1-0

[Event "4th Shamkir Chess 2017"]
[Site "Shamkir"]
[Date "2017.04.21"]
[Round "1"]
[White "Wojtaszek, Radoslaw"]
[Black "Kramnik, Vladimir"]
[Result "1/2-1/2"]
[WhiteElo "2745"]
[BlackElo "2811"]
[Annotator "TA"]
[PlyCount "165"]
[EventDate "2017.??.??"]
[EventType "tourn"]
[EventCountry "AZE"]
[SourceTitle "playchess.com"]
[Source "ChessBase"]
[SourceQuality "1"]

{[%evp 30,165,39,16,39,28,22,0,0,0,43,27,31,-38,-10,-10,-10,-12,-9,-9,-10,-9,-8,-8,-7,-4,-7,-8,-5,-10,-8,-10,-8,-8,-8,-5,0,0,0,0,0,-8,-8,-8,-8,-8,-8,-14,-12,-31,-25,-57,-53,-71,-55,-47,-57,-57,-58,-106,-106,-129,-106,-106,-106,-107,-71,-73,-71,-90,-59,-68,-51,-70,-70,-71,-71,-115,-70,-70,-23,-59,-58,-31,-30,-56,-55,-70,-66,-121,-129,-129,-106,-129,-23,-106,-106,-121,-106,-106,-73,-116,0,-106,-68,-68,-18,-24,-8,-67,-66,-66,0,-56,0,-56,-58,-59,-55,-59,-59,-66,-35,-70,0,0,0,-70,-10,-10,-10,-10,-10,-10,-10,-10,-10,-10]} 1. d4 Nf6 2. c4 e6 3. Nf3 d5 4. Nc3 c5 5. cxd5 Nxd5 6. e4 Nxc3 7. bxc3 cxd4 8. cxd4 Bb4+ 9. Bd2 Bxd2+ 10. Qxd2 O-O 11. Bc4 Nd7 12. O-O {D41: Queen's Gambit Declined: Semi-Tarrasch with 5 cxd5} b6 13. a4 Bb7 14. Bd3 Nf6 (14... Rc8 15. a5 Qc7 16. Rfc1 Qd6 17. a6 Ba8 18. h3 h6 19. Rxc8 Rxc8 {½-½ (143) Melkumyan,H (2633)-Bu,X (2705) Doha 2016}) 15. Rfe1 h6 16. a5 {LiveBook: 6 Games} bxa5 17. Rxa5 Qc7 18. Rc1 $146 (18. Rc5 Qe7 19. Qa5 Rfc8 20. Rxc8+ Bxc8 21. Nd2 Bb7 {½-½ (52) Rotstein,A (2540)-Remling,C (2345) Germany 2004}) 18... Qd8 19. Re1 Qc7 $1 20. Qb4 Rfb8 {[#] Hoping for ...Bxe4.} 21. Rc5 ({White should play} 21. Qa3 $14) 21... Qf4 {[%cal Rb7e4]} 22. Qd2 Qxd2 23. Nxd2 Rd8 24. Nb3 a5 {And now ...a4 would win.} 25. Rxa5 Rxa5 26. Nxa5 Rxd4 27. Nxb7 Rxd3 $11 {[%mdl 4096] Endgame KRN-KRN} 28. f3 Nh5 29. Nc5 Rc3 30. Na4 Rc2 31. g3 Nf6 32. Re3 Nd7 33. Rc3 Re2 34. Nc5 Ne5 35. h4 g5 36. hxg5 hxg5 37. Kf1 Ra2 38. f4 Ng4 39. fxg5 Kg7 40. Rd3 Kg6 41. Nb3 Ne5 42. Rc3 Kxg5 43. Rc5 Kf6 44. Nd4 Ra4 45. Nc6 Ng4 46. e5+ Kf5 47. Nd8 Kg6 ({But not} 47... Nxe5 $6 48. Nxf7 Ra1+ 49. Ke2 Ra2+ 50. Kf1 Ra1+ 51. Ke2 Ra2+ 52. Kf1 Ra1+ $11) 48. Nc6 Ra2 49. Rc3 Kg5 50. Ke1 Ra8 51. Ke2 Ra6 52. Kd2 Rb6 53. Rc4 Rb2+ 54. Ke1 Ne3 55. Rc3 Rb1+ 56. Ke2 Ng4 57. Rf3 Rb2+ 58. Ke1 $1 Rb7 59. Rc3 (59. Kd2 $15) 59... Rb5 $17 60. Ke2 Rd5 61. Rc4 Nh6 (61... Nxe5 $17 62. Nxe5 Rxe5+ 63. Kf3 Rf5+ 64. Ke3 Ra5) 62. Ra4 {[#]} (62. Kf2 $11) 62... Rc5 $1 {[%cal Rc5c6]} 63. Ra6 Kg4 64. Kf2 Rc2+ 65. Ke1 Rc5 ({Much less strong is} 65... Kxg3 66. Nd8 $15) 66. Kf2 Kh3 {White must now prevent ...Ng4+.} 67. Kf3 Rc3+ 68. Kf4 Rxg3 69. Nd8 (69. Ra1 $11 Nf5 70. Ra7) 69... Rg4+ $15 70. Kf3 Rg3+ 71. Kf4 $1 Rg6 (71... Kh4 $15) 72. Ra7 (72. Ra1 $1 $11) 72... Rg4+ 73. Kf3 Rg8 74. Rd7 Kh4 75. Ke2 ({Don't capture} 75. Nxf7 $2 Rf8 76. Rd4+ Kh5 $19) 75... Rf8 76. Rd6 Re8 (76... Ng4 $15) 77. Rd7 $11 Rf8 (77... Rh8 $11) 78. Rd6 $15 Nf5 (78... Ng4 $15) 79. Rd7 $11 {The position is equal.} Kg4 80. Nxf7 Kf4 81. Ra7 Nd4+ 82. Kd3 Nc6 83. Rc7 1/2-1/2

[Event "4th Shamkir Chess 2017"]
[Site "Shamkir"]
[Date "2017.04.21"]
[Round "1"]
[White "Topalov, Veselin"]
[Black "Adams, Michael"]
[Result "1/2-1/2"]
[WhiteElo "2741"]
[BlackElo "2761"]
[Annotator "TA"]
[PlyCount "84"]
[EventDate "2017.??.??"]
[EventType "tourn"]
[EventCountry "AZE"]
[SourceTitle "playchess.com"]
[Source "ChessBase"]
[SourceQuality "1"]

{[%evp 23,84,17,19,11,17,18,29,25,33,35,40,0,13,15,25,23,23,43,50,70,72,20,80,76,87,70,85,65,79,61,73,71,68,57,62,53,95,47,80,43,44,39,45,40,51,40,47,0,0,0,0,0,0,0,0,0,0,0,6,6,11,3,9]} 1. e4 e5 2. Nf3 Nc6 3. Bb5 {[%cal Bf1b5,Bb5a4,Ba4b3][%mdl 32]} a6 4. Ba4 Nf6 5. O-O Be7 6. Re1 b5 7. Bb3 O-O 8. a4 b4 9. d3 d6 10. a5 Be6 11. Bxe6 {C88: Closed Ruy Lopez: Anti-Marshall Systems} fxe6 12. Nbd2 Rb8 {LiveBook: 4 Games} 13. c3 (13. Nb3 Qe8 14. d4 exd4 15. Nbxd4 Nxd4 16. Nxd4 Qd7 17. Qe2 c5 18. Nf3 e5 19. Bg5 Qb5 {1-0 (49) So,W (2808)-Gozzoli,Y (2583) chess.com INT 2017}) 13... Qe8 $146 (13... Nd7 14. Nc4 d5 15. exd5 exd5 16. Ne3 Nc5 17. d4 bxc3 18. bxc3 Ne4 19. dxe5 Rxf3 20. Qxf3 Nxe5 21. Qf5 Nd3 22. Nxd5 Nxe1 23. Qxe4 Bc5 {1-0 (23) Saltaev,M (2495)-Smagin,S (2540) Moscow 1995}) 14. d4 bxc3 15. bxc3 exd4 16. cxd4 Rb5 17. Nc4 Qg6 18. Qe2 Nd7 19. Bd2 Bf6 20. Bc3 Rb3 21. Qc2 Rb5 22. Na3 ({White should try} 22. Rab1 $16) 22... Rb7 (22... Rh5 $11 {remains equal.}) 23. Qe2 Ra8 24. Rac1 Nd8 ({Much worse is} 24... Rb3 $6 25. e5 (25. Qc4 Nxd4 26. Nxd4 Rxa3 $16) 25... dxe5 26. Qc4 (26. dxe5 Be7 27. Nc4 Rb5 $11) 26... Nxd4 27. Nxd4 exd4 28. Qxb3 $16 (28. Rxe6 Qf7 29. Qxb3 dxc3 $16)) 25. Nc4 Rb5 26. e5 Be7 27. exd6 cxd6 28. Bd2 Qf7 29. g3 Rab8 30. Bf4 Qf8 31. h4 h6 $1 32. Kg2 Nf6 33. Bd2 Nd5 34. Ne3 Nxe3+ 35. fxe3 Qe8 {The position is equal.} 36. e4 Nb7 37. Qc4 $36 {[%mdl 2048] White has some pressure.} Bd8 38. Qc6 Bxa5 39. Bxa5 Rxa5 40. Re2 Qxc6 41. Rxc6 {Threatening Rb2.} Rf8 42. Rb6 Ra3 1/2-1/2

[Event "4th Shamkir Chess 2017"]
[Site "Shamkir"]
[Date "2017.04.22"]
[Round "2"]
[White "Kramnik, Vladimir"]
[Black "Radjabov, Teimour"]
[Result "1/2-1/2"]
[WhiteElo "2811"]
[BlackElo "2710"]
[Annotator "TA"]
[PlyCount "146"]
[EventDate "2017.??.??"]
[EventType "tourn"]
[EventCountry "AZE"]
[SourceTitle "playchess.com"]
[Source "ChessBase"]
[SourceQuality "1"]

{[%evp 17,146,-4,0,0,0,1,-2,-6,2,0,0,0,0,0,0,0,0,-12,-11,-12,-13,-14,0,-4,49,0,0,0,0,0,0,0,0,0,0,0,0,0,0,0,0,0,0,0,0,0,0,0,0,0,0,0,0,0,0,0,0,0,24,0,10,0,0,0,0,0,0,0,14,0,32,0,68,68,74,68,46,47,65,61,50,51,66,53,68,52,68,0,0,0,0,0,10,16,12,0,0,0,0,0,0,0,0,0,0,0,0,0,0,-8,0,0,0,0,0,0,0,0,0,0,0,0,0,0,0,0,0,0,0,0,0]} 1. d4 Nf6 2. Nf3 g6 3. Bg5 Bg7 4. c3 O-O 5. Nbd2 d5 6. e3 Nbd7 7. Be2 Re8 8. O-O e5 9. Bh4 {D03: 1 d4 d5 2 Nf3 Nf6 3 Bg5, including Torre Attack with early ...d5} (9. a4 a5 10. b4 Qe7 11. Qb3 e4 12. Ne1 b6 13. b5 Bb7 14. Nc2 Nf8 15. c4 Rad8 16. Rac1 Ne6 {1-0 (48) Adams,M (2744)-Jones,G (2663) Kilkenny 2016}) 9... c6 {LiveBook: 13 Games} 10. Bg3 {[%cal Rf3e5]} e4 $146 (10... exd4 11. cxd4 Ne4 12. Nxe4 dxe4 13. Nd2 c5 14. Nb3 Qb6 15. Rc1 cxd4 16. exd4 Nf8 {1-0 (37) Gausel,E (2582)-Hermansson,E (2543) Sweden 2007}) 11. Ne5 Nxe5 12. Bxe5 Bf8 13. Bg3 Bd6 14. Bh4 h6 15. c4 Be6 16. Rc1 Kg7 17. cxd5 cxd5 18. Nb1 Qb8 19. Kh1 Nd7 20. Bb5 Bxh2 (20... Rc8 $11) 21. g3 g5 22. Bxd7 Bxd7 23. Kxh2 gxh4 24. Nc3 {[%cal Bb1c3,Bc3e2,Be2f4][%mdl 32]} Qd6 25. Qh5 hxg3+ 26. fxg3 f5 27. Ne2 Rac8 28. Nf4 b6 29. Rg1 Rf8 30. Kh1 Rc6 31. Qh4 Rxc1 32. Rxc1 Rc8 33. Rf1 Rf8 34. Rf2 Rf7 35. Rc2 Rf8 36. Qh5 Rf7 37. a3 Re7 38. b4 Rf7 39. Qh4 Rf8 40. Nh5+ Kg6 41. Nf4+ Kg7 42. Qh5 Rf7 43. Kh2 Re7 44. Qe2 {[%mdl 1024] White has compensation.} Be8 (44... Bc6 $11) 45. Qa6 $14 Bf7 46. Qc8 Qd7 47. Qb8 Qb7 48. Qxb7 Rxb7 {[%mdl 4096] Endgame KRB-KRN} 49. a4 Kf6 50. Rc6+ Kg5 51. Kh3 Rd7 52. a5 (52. Kg2 $14) 52... bxa5 $11 {The position is equal.} 53. bxa5 Rb7 54. a6 Rb3 55. Rc7 Kf6 56. Rxa7 Rxe3 57. Rc7 Ra3 58. a7 Ra2 $1 59. Rb7 e3 60. g4 fxg4+ 61. Kxg4 h5+ {[%cal Bh6h5,Bh5h4,Bh4h3][%mdl 32]} 62. Kf3 Ra3 63. Ng2 h4 64. Nxe3 h3 65. Kf4 {Threatening Ng4+.} Be6 66. Nf1 Ra4 67. Kg3 Ra3+ 68. Kf4 Ra4 69. Kf3 Ra3+ 70. Ne3 Kg5 71. Rg7+ Kf6 72. Rc7 Kg5 73. Rg7+ Kf6 1/2-1/2

[Event "4th Shamkir Chess 2017"]
[Site "Shamkir"]
[Date "2017.04.22"]
[Round "2"]
[White "Mamedyarov, Shakhriyar"]
[Black "Karjakin, Sergey"]
[Result "1/2-1/2"]
[WhiteElo "2772"]
[BlackElo "2783"]
[Annotator "TA"]
[PlyCount "43"]
[EventDate "2017.??.??"]
[EventType "tourn"]
[EventCountry "AZE"]
[SourceTitle "playchess.com"]
[Source "ChessBase"]
[SourceQuality "1"]

{[%evp 22,43,10,0,0,0,0,0,0,0,0,0,0,0,0,0,0,0,0,0,0,0,0,0]} 1. e4 e5 2. Nf3 Nc6 3. Bc4 Bc5 4. c3 {[%cal Bc2c3,Bc3d4][%mdl 32]} Nf6 5. d4 exd4 6. e5 d5 7. Bb5 Ne4 8. cxd4 Bb6 9. Nc3 O-O 10. Be3 {C54: Giuoco Piano: 4 c3 Nf6, main lines with 5 d4 and 5 d3} Bg4 (10... Bf5 11. O-O Ne7 12. Nh4 Be6 13. Bd3 c5 14. Bxe4 dxe4 15. dxc5 Bc7 16. Nxe4 Qxd1 17. Rfxd1 Bxe5 {1-0 (40) Kryvoruchko,Y (2710)-Onischuk,A (2662) Berlin 2015}) 11. h3 Bh5 12. O-O {LiveBook: 11 Games. The position is equal.} Nxd4 13. Bxd4 {[#] Threatens to win with Be2.} Bxf3 $1 14. gxf3 {[%cal Bg2f3,Bf3e4][%mdl 32]} Qg5+ 15. Kh1 Qf5 16. fxe4 $146 Qxh3+ 17. Kg1 Bxd4 18. Qxd4 Qg4+ 19. Kh1 Qh3+ 20. Kg1 Qg4+ 21. Kh1 Qh3+ 22. Kg1 1/2-1/2

[Event "4th Shamkir Chess 2017"]
[Site "Shamkir"]
[Date "2017.04.22"]
[Round "2"]
[White "Adams, Michael"]
[Black "So, Wesley"]
[Result "1/2-1/2"]
[WhiteElo "2761"]
[BlackElo "2822"]
[Annotator "TA"]
[PlyCount "81"]
[EventDate "2017.??.??"]
[EventType "tourn"]
[EventCountry "AZE"]
[SourceTitle "playchess.com"]
[Source "ChessBase"]
[SourceQuality "1"]

{[%evp 12,81,27,0,13,-26,0,0,0,0,0,-10,0,0,0,0,0,0,0,0,0,0,34,-2,-2,-2,52,53,45,49,51,32,46,0,0,0,0,0,0,0,0,0,0,0,0,-59,-59,-47,0,0,0,0,0,0,0,0,0,0,0,0,0,6,8,8,8,8,22,8,8,8,8,2]} 1. c4 Nf6 2. g3 c6 3. Bg2 d5 4. Nf3 dxc4 5. O-O Nbd7 6. Na3 Nb6 7. Qc2 Be6 {A11: English Opening: 1...c6} 8. Ne5 {[%cal Ra3c4]} h5 9. b3 $146 (9. Naxc4 Nxc4 10. Nxc4 h4 11. Ne5 hxg3 12. hxg3 Rc8 13. d4 Bd5 14. e4 Bxe4 15. Bxe4 Qxd4 16. Nxf7 Kxf7 17. Bg6+ Kg8 18. Rd1 Qe5 19. Bf4 Qa5 20. Bf5 g5 21. Bxc8 Kg7 22. Be3 {1-0 (22) Aronian,L (2792)-So,W (2770) Leuven 2016}) 9... cxb3 10. axb3 h4 11. Bb2 Qc8 {Threatening ...Bh3.} 12. Rfc1 {[%cal Re5c6]} hxg3 13. hxg3 {[%cal Re5c6]} Bd5 {[#] And now ...Bxg2 would win.} 14. Nf3 g6 15. Nc4 Bg7 16. Bd4 c5 17. Nxb6 axb6 {[#]} 18. b4 $1 {[%mdl 512]} c4 (18... Rxa1 $11 19. Rxa1 Rh5) (18... cxb4 19. Qxc8+) 19. Rxa8 $14 (19. Bxb6 Rxa1 20. Rxa1 Bxf3 21. Bxf3 Nd7 $17) 19... Qxa8 20. d3 (20. Bxb6 Nd7 21. Bd4 Bxd4 22. Nxd4 Bxg2 23. Kxg2 b6+ 24. Nf3 (24. e4 Ne5 25. Nf3 Nd3 26. Qxc4 Nxc1 27. Qxc1 Qb7 $17) 24... Ne5 $11) 20... b5 21. e4 Bc6 22. dxc4 {aiming for Ne5.} (22. Ne5 $5 {is interesting.} O-O 23. dxc4 Ng4 24. Nxc6 bxc6 25. Bxg7 Kxg7 26. cxb5 cxb5 27. Qc3+) 22... Bxe4 23. Qe2 {Strongly threatening Bxf6.} O-O $1 24. Bxf6 Bxf3 $1 25. Bxf3 (25. Qxe7 Re8 26. Qd6 Bxg2 27. Bxg7 (27. Kxg2 bxc4 28. Ra1 Qb8 29. Qxb8 Rxb8 30. Bxg7 Kxg7 $17) 27... b6 $15) 25... Bxf6 ({Don't play} 25... exf6 $6 26. cxb5 Rc8 27. Rd1 $16) 26. c5 Rd8 27. Kg2 Qa3 28. Rc2 (28. Rb1 $11) 28... Qxb4 $15 29. Bxb7 {Hoping for c6.} Rd7 (29... Kg7 $5 {feels hotter.} 30. Bf3 Qb1 31. c6 Rh8 32. Qd1 Qxd1 33. Bxd1 Rc8) 30. Bc6 {The position is equal.} Rc7 31. Qxb5 Qxb5 32. Bxb5 $11 {[%mdl 4096] Endgame KRB-KRB} Bd4 33. c6 Be5 34. Ra2 Rc8 35. Ra7 Bd6 36. Kf3 Rb8 37. Rb7 Rxb7 38. cxb7 e6 39. Ke4 Kf8 40. g4 g5 41. f3 1/2-1/2

[Event "4th Shamkir Chess 2017"]
[Site "Shamkir"]
[Date "2017.04.22"]
[Round "2"]
[White "Harikrishna, Pentala"]
[Black "Eljanov, Pavel"]
[Result "0-1"]
[WhiteElo "2755"]
[BlackElo "2751"]
[Annotator "TA"]
[PlyCount "108"]
[EventDate "2017.??.??"]
[EventType "tourn"]
[EventCountry "AZE"]
[SourceTitle "playchess.com"]
[Source "ChessBase"]
[SourceQuality "1"]

{[%evp 14,108,19,16,35,31,26,31,50,55,54,29,50,39,67,75,68,74,29,21,51,-66,-66,-60,-43,-45,-35,-89,-85,-80,-17,-14,-15,-20,-8,-36,-36,-46,-25,-32,-34,-86,-55,-102,-95,-90,-111,-142,-128,-194,-187,-174,-174,-153,-95,-93,-106,-104,-98,-139,-114,-114,-40,-50,0,-112,-13,-45,-45,-45,-45,-45,-45,-45,-38,-38,-38,-68,-68,-68,-68,-64,-60,-149,-149,-194,-187,-480,-389,-370,-361,-799,-480,-447,-437,-367,-337]} 1. d4 Nf6 2. c4 e6 3. Nc3 Bb4 4. e3 O-O 5. Bd3 c5 6. Nf3 b6 7. d5 exd5 {E50: Nimzo-Indian: Rubinstein: 4...0-0 5 Nf3} 8. cxd5 {LiveBook: 17 Games} Nxd5 {[#]} (8... Ba6 9. O-O Bxd3 10. Qxd3 Re8 11. Nb5 d6 12. a3 Ba5 13. b4 a6 14. Nxd6 Qxd6 15. bxa5 {½-½ (31) Shimanov,A (2593)-Kamsky,G (2680) Las Vegas 2015}) 9. Bxh7+ $1 {[%mdl 512]} Kxh7 {White is slightly better.} 10. Qxd5 Bxc3+ 11. bxc3 {aiming for Qh5+.} Qf6 12. Bb2 $146 (12. O-O Nc6 13. e4 Kg8 14. Qh5 Ba6 15. Re1 {1-0 (60) Geller,E-Smyslov,V Moscow 1965}) 12... Nc6 13. O-O-O Kg8 14. h4 $1 {[%cal Bh2h4,Bh4h5,Bh5h6][%mdl 32]} Ba6 15. h5 $1 {[%cal Rh5h6]} (15. c4 Qh6 $15) 15... Qh6 16. Nh4 Qe6 17. Qxe6 ({White should play} 17. h6 $14 Bc4 18. Qg5 Qxh6 19. Qxh6 gxh6 20. Nf5) 17... dxe6 $15 18. h6 Bc4 19. Nf3 Rad8 20. Rxd8 (20. Rh4 $15 Rxd1+ 21. Kxd1 Bxa2 22. Rg4) 20... Rxd8 $17 ({Worse is} 20... Nxd8 21. Ne5 b5 22. Rh4 $16 (22. Nxc4 bxc4 23. hxg7 Kxg7 $16)) 21. Rh4 b5 ({Stronger than} 21... Bxa2 22. c4 f6 23. Rg4 $16) ({Better is} 21... Be2 $1 $17 22. c4 Nb4 23. Bxg7 Bxf3 24. gxf3 Nxa2+ 25. Kc2 Kh7) 22. Ba3 $11 gxh6 23. Bxc5 Bxa2 24. Nd4 Rd5 25. Rg4+ Kh7 26. Bf8 Ne5 27. Rg7+ Kh8 28. Rg3 Nd3+ 29. Kc2 Nxf2 30. Rf3 Ne4 {Hoping for ...e5.} 31. Rxf7 (31. Rf4 $17 f5 32. Rh4) 31... Rg5 $1 $19 {[%cal Rg5g2]} 32. Rxa7 Rxg2+ 33. Kc1 Nxc3 (33... h5 $142 {Strongly threatening ...h4.} 34. Ra8 Kh7 35. Ra7+ Kg8) 34. Bxh6 $17 b4 {White must now prevent ...Bd5.} 35. Bf4 Bd5 {Threatens to win with ...Be4.} 36. Be5+ Kg8 {And now ...Be4 would win.} 37. Rc7 Na2+ (37... Ne2+ $17 38. Kd1 Nxd4 39. Bxd4 b3 40. Rc8+ Kf7 41. Rc7+ Ke8 42. Rc8+ Kf7 43. Rc7+ Ke8) 38. Kb1 $15 Nc3+ (38... Rg5 $15 39. Rc8+ Kf7 40. Rc7+ Ke8) 39. Kc1 $17 Ra2 (39... Ne2+ $17 40. Kd1 Nxd4 41. Bxd4 b3 42. Rc8+ Kf7 43. Rc7+ Ke8 44. Rc8+ Ke7) 40. Rc8+ Kf7 {...Be4 is the strong threat.} 41. Nc2 {White wants to play Rc7+.} Ne2+ 42. Kd1 b3 43. Kxe2 Be4 44. Kd2 Kg6 45. Bd4 bxc2 $15 {[%mdl 4096] Endgame KRB-KRB} 46. Rg8+ Kh5 47. Rh8+ $1 Kg4 48. Rg8+ ({White should try} 48. Bf6 $1 $15) 48... Kf3 $1 $17 49. Rf8+ {[#]} Bf5 $1 50. Kc1 $2 (50. Bf6 {keeps fighting.}) 50... Ra4 51. Rb8 Ra3 52. Rf8 $2 (52. Rh8 Ra5 53. Rh5) 52... Ke2 53. Rh8 Rb3 {[%csl Gc2,Gf5][%cal Rb3b1]} 54. Rh2+ {[#]} Kf1 $1 0-1